Optical network design and implementation / (Record no. 26462)

MARC details
000 -LEADER
fixed length control field 00911cam a22002775a 4500
001 - CONTROL NUMBER
control field 12729309
005 - DATE AND TIME OF LATEST TRANSACTION
control field 20180404105914.0
008 - FIXED-LENGTH DATA ELEMENTS--GENERAL INFORMATION
fixed length control field 020403t2004 inua frd 001 0 eng d
020 ## - INTERNATIONAL STANDARD BOOK NUMBER
International Standard Book Number 1587051052
020 ## - INTERNATIONAL STANDARD BOOK NUMBER
International Standard Book Number 9781587051050
040 ## - CATALOGING SOURCE
Original cataloging agency StDuBDS
Transcribing agency StDuBDS
Modifying agency Uk
-- CStRLIN
-- DLC
-- EG-ScBUE
Language of cataloging eng
082 04 - DEWEY DECIMAL CLASSIFICATION NUMBER
Edition number 22
Classification number 621.3827
Item number ALW
100 1# - MAIN ENTRY--PERSONAL NAME
Personal name Alwayn, Vivek.
245 10 - TITLE STATEMENT
Title Optical network design and implementation /
Statement of responsibility, etc Vivek Alwayn.
260 ## - PUBLICATION, DISTRIBUTION, ETC. (IMPRINT)
Place of publication, distribution, etc Indianapolis :
Name of publisher, distributor, etc Cisco Press,
Date of publication, distribution, etc c.2004.
300 ## - PHYSICAL DESCRIPTION
Extent xxxi, 809 p. :
Other physical details ill. ;
Dimensions 24 cm.
500 ## - GENERAL NOTE
General note Index : p. 783-809.
500 ## - GENERAL NOTE
General note Glossary : p. 763-781.
541 ## - IMMEDIATE SOURCE OF ACQUISITION NOTE
Source of acquisition Donation from Mohanad Hszem Shalah.
650 #7 - SUBJECT ADDED ENTRY--TOPICAL TERM
Topical term or geographic name as entry element Optical communications.
Source of heading or term BUEsh
9 (RLIN) 26097
650 #7 - SUBJECT ADDED ENTRY--TOPICAL TERM
Topical term or geographic name as entry element Optoelectronics.
Source of heading or term BUEsh
9 (RLIN) 10806
651 ## - SUBJECT ADDED ENTRY--GEOGRAPHIC NAME
Source of heading or term BUEsh
653 ## - INDEX TERM--UNCONTROLLED
Resource For college Generalities
Arrived date list April2018
856 41 - ELECTRONIC LOCATION AND ACCESS
Materials specified Table of contents
Uniform Resource Identifier <a href="http://www.loc.gov/catdir/toc/fy046/2002104849.html">http://www.loc.gov/catdir/toc/fy046/2002104849.html</a>
942 ## - ADDED ENTRY ELEMENTS (KOHA)
Source of classification or shelving scheme Dewey Decimal Classification
Holdings
Withdrawn status Item status Source of classification or shelving scheme Damaged status Not for loan Home library Current library Shelving location Date acquired Source of acquisition Total Checkouts Full call number Barcode Date last seen Koha item type
    Dewey Decimal Classification     Central Library Central Library First floor 03/04/2018 Donation   621.3827 ALW 000047553 15/07/2025 Book - Borrowing